Kraje z największą liczbą ośrodków narciarskich - Statystyki

Ogólne statystyki
  • Ten quiz został rozwiązany 46 razy
  • Średni wynik to 18 z 21
Statystyki odpowiedzi
Liczba Państwo % Poprawnych
46 Polska
100%
275 Austria
98%
305 Japonia
95%
116 Niemcy
95%
20 Chiny
93%
67 Czechy
93%
196 Francja
93%
134 Norwegia
93%
48 Słowacja
93%
105 Szwecja
93%
44 Finlandia
91%
172 Kanada
91%
428 Stany Zjednoczone
91%
148 Szwajcaria
91%
217 Włochy
91%
35 Słowenia
88%
37 Hiszpania
84%
25 Rumunia
67%
20 Węgry
49%
21 Grecja
40%
26 Nowa Zelandia
23%
Nie znaleziono quizów pasujących do podanych kryteriów
Rozkład punktacji
Procent ludzi z każdym wynikiem
Percentyl według liczby udzielonych odpowiedzi
Twoja historia wyników
Nie rozwiązałeś tego quizu